000 00281nam a22001217a 4500
008 181224b xxu||||| |||| 00| 0 eng d
041 _aeng
080 _a540
100 _a12
101 _aKIM
245 _aHeath Chemistry Laboratory Experiments
_cDispezio,M.A
942 _2udc
_cBK
999 _c53713
_d53713